01059cam a22002417a 4500999001500000001000500015003000900020005001700029008004100046010000700087040003800094082002200132100002100154245013400175260007200309300004100381533018000422650004300602700002300645700002000668942001200688952011700700 c2394d23945280BD-DhUAP20200225150546.0200224s1997 bg abf f000 0 eng  a  aBD-DhUAPcBD-DhUAPbEngdBD-DhUAP 223a930.15492 RAH1 aRahman, Habibur.10aExcavation report of Itakholamura, Mainamati, Comilla (1990-92) /cHabibur Rahman ; edited by Naziamuddin Ahmed and Mohammed Ali. aDhaka :bDept. of Archaeology, Ministry of Cultural Affairs,c1997. av,16 pages :billustration ;c25 cm. aMicrofiche.bNew Delhi :cLibrary of Congress Office ;bWashington, D.C. :cLibrary of Congress Photoduplication Service,d2002.e1 microfiche.nMaster microform held by: DLC. 0aExcavations (Archaeology)zBangladesh.1 aAhmed, Nazimuddin.1 aAli, Mohammed. 2ddccBK 00102ddc4070aUAPCLbUAPCLcGeneral Stacksd2020-02-24o930.15492 RAHp3010005280r2020-02-24w2020-02-24yBK